000 00340nam a2200157Ia 4500
100 _aNegus/Christopher
650 _aFedora
942 _cBK
366 _f20
654 _afedora7
245 _aFedora 7 and RedHat enterprise Linux
260 _bWiley India
_c2007
082 _a005.133/NEG
_bNEG
300 _a1086
546 _aENGLISH
999 _c29302
_d29302